Návrh spôsobu oceňovania materiálu pre tvorbu štandardných cien výrobkov
Gespeichert in:
| 1. Verfasser: | |
|---|---|
| Weitere Verfasser: | |
| Format: | Manuskript Buch |
| Sprache: | Slowakisch |
| Veröffentlicht: |
2019
|
| Schlagworte: | |
| Online-Zugang: | http://is.stuba.sk/zp/portal_zp.pl?podrobnosti=143609 |
| Tags: |
Keine Tags, Fügen Sie das erste Tag hinzu!
|
MARC
| LEADER | 00000ntm a22000003a 4500 | ||
|---|---|---|---|
| 001 | stuzp73903 | ||
| 003 | SK-STU | ||
| 005 | 20190615212809.2 | ||
| 007 | ta | ||
| 008 | 150427s2015----xo-----f-mn---000-0-slo-d | ||
| 040 | |a STU |b slo | ||
| 041 | 0 | |a slo | |
| 100 | 1 | |a Farkašová, Erika |u 064000 |k Z4 |4 aut |U MTF Materiálovotechnologická fakulta |T MTF Ústav priemyselného inžinierstva a manažmentu |X 73382 |U M4000 |Y 84 |7 73382 | |
| 242 | 0 | 1 | |a The proposal of measurement of material for creation of standard price of products |y eng |
| 245 | 1 | 0 | |a Návrh spôsobu oceňovania materiálu pre tvorbu štandardných cien výrobkov |
| 260 | |c 2019 | ||
| 650 | 4 | |a materiál |2 slo | |
| 650 | 4 | |a oceňovanie |2 slo | |
| 650 | 4 | |a kalkulácia |2 slo | |
| 650 | 4 | |a kalkulačný vzorec |2 slo | |
| 650 | 4 | |a štandardná cena |2 slo | |
| 650 | 4 | |a zásoby |2 slo | |
| 650 | 4 | |a supplies |2 eng | |
| 650 | 4 | |a costing |2 eng | |
| 650 | 4 | |a cost model |2 eng | |
| 650 | 4 | |a material |2 eng | |
| 650 | 4 | |a appraisal |2 eng | |
| 650 | 4 | |a standard price |2 eng | |
| 700 | 1 | |a Talnagiová, Viktória |4 ths |X 31298 |7 A000031298 | |
| 856 | 4 | |u http://is.stuba.sk/zp/portal_zp.pl?podrobnosti=143609 | |
| 996 | |c M* DP-14030 |l MMSKP |s P |a 0 |w stuzp73903_0001 | ||